Open Data Biblioteca Nacional de Portugal


República Portuguesa: Ministério da Cultura
Biblioteca Nacional de Portugal

Catálogo da BNP: acesso por Identificadores Unívocos
Registos Bibliográficos associados ao registo de autoridade

Etiqueta de registo: 00254nam 2200025 450
001 2283763
003 http://id.bnportugal.gov.pt/bib/catbnp/2283763
010 ## $a978-989-98907-5-6
100 ## $a20260407d2026 k y0pory01030103ba
101 0# $aeng
102 ## $aPT
105 ## $aa z 000yy
106 ## $ar
200 1# $a1st International Gastronomy Symposium of Alto Minho$fÁlvaro Campelo... [et al.]$gcoord. Paulo Sousa
210 #9 $a[S.l.$cs.n.,$dD.L. 2026]
215 ## $a49, [2] p.$cil.$d30 cm
532 11 $aFirst International Gastronomy Symposium of Alto Minho
675 ## $a641.5(042)$vBN$zpor$31624024
701 #1 $92$aCampelo,$bÁlvaro$4070$31333889
702 #1 $aSousa,$bPaulo Barreiro de$4340$31977465
710 12 $aInternational Gastronomy Symposium of Alto Minho,$d1,$ePonte de Lima,$f2023$31994830
801 #0 $aPT$bBN$gRPC
856 41 $uhttp://rnod.bnportugal.gov.pt/ImagesBN/winlibimg.aspx?skey=&doc=2283763&img=222434&save=true
900 ## $aBIBNAC$d20260526
966 ## $lBN$mFGMON$sS.A. 193897 V.$x1
966 ## $lBN$mFGMON$sS.A. 193897 V.-D$x1
971 ## $cssilva$d20260407
972 ## $e0$z0$d20260526$vasantos
973 ## $cigoulao$d20260518

Etiqueta de registo: 00254nam 2200025 450
001 2245877
003 http://id.bnportugal.gov.pt/bib/catbnp/2245877
010 ## $a978-989-9215-10-8
021 ## $aPT$b550026/25
100 ## $a20260113d2025 m d0pory01030103ba
101 0# $apor
102 ## $aPT
105 ## $aa z 000yy
106 ## $ar
200 1# $a As nossas bandas$fAmândio Amorim de Sousa Vieira$gcoord. Paulo Barreiro de Sousa
210 #9 $aPonte de Lima$cMunicípio de Ponte de Lima,$d2025
215 ## $a271, [1] p.$cil.$d31 cm
606 ## $aBandas filarmónicas$yDistrito de Viana do Castelo (Portugal)$2SIPOR$31807179
675 ## $a785.1(469.111)(091)$vBN$zpor$31356055
700 #1 $aVieira,$bAmândio de Sousa,$f1949-$380671
702 #1 $aSousa,$bPaulo Barreiro de$4340$31977465
801 #0 $aPT$bBN$gRPC
856 41 $uhttp://rnod.bnportugal.gov.pt/ImagesBN/winlibimg.aspx?skey=&doc=2245877&img=220898&save=true
900 ## $aBIBNAC$d20260330
966 ## $lBN$mMUSICA$sM. 6457 V.$x1
966 ## $lBN$mMUSICA$sM. 6457 V.-D $x1
971 ## $cssilva$d20260113

Etiqueta de registo: 00254nam 2200025 450
001 2285876
003 http://id.bnportugal.gov.pt/bib/catbnp/2285876
010 ## $a978-989-9215-15-3
021 ## $aPT$b560116/26
100 ## $a20260506d2026 m d0pory01030103ba
101 0# $apor
102 ## $aPT
105 ## $aa z 000yy
106 ## $ar
200 1# $aGrupos de Folclore do Concelho de Ponte de Lima, 1892-2025$fAmândio Amorim de Sousa Vieira$gcoord. Paulo Barreiro de Sousa$gfot. Amândio Amorim de Sousa Vieira... [et al.]$gtrad. de texto de 1875 Margarida Luciano Martins
210 #9 $aPonte de Lima$cMunicípio de Ponte de Lima,$d2026
215 ## $a170 p.$cil.$d31 cm
675 ## $a398.8(469.111)"1892/2025"$vBN$zpor$32001469
675 ## $a784.4(469.111)"1892/2025"$vBN$zpor$32001471
700 #1 $aVieira,$bAmândio de Sousa,$f1949-$380671
702 #1 $aSousa,$bPaulo Barreiro de$4340$31977465
702 #1 $aMartins,$bMargarida Luciano$4730$31959379
801 #0 $aPT$bBN$gRPC
856 41 $uhttp://rnod.bnportugal.gov.pt/ImagesBN/winlibimg.aspx?skey=&doc=2285876&img=223683&save=true
966 ## $lBN$mFGMON$sS.C. 9402 A.$x1
966 ## $lBN$mFGMON$sS.C. 9402 A.-D $x1
971 ## $cssilva$d20260506
973 ## $caalmeid$d20260623

OpendataBNP@bnportugal.pt | Mais informação sobre acesso aos dados BNP